000 00480nam a2200169Ia 4500
008 151213s9999 xx 000 0 und d
020 _a81-7100-042-8
100 _aDharma Vera Aggarwala
245 _aMan Power Planning Selection . Training & Development
_cDharma Vera Aggarwala
250 _a1st
260 _aNew Delhi
_bDeep & Deep Puablication
_c1995
300 _a3858 p.
650 _aScience
650 _aTechnology
700 _aDharma Vera Aggarwala
999 _c2526
_d2526